Bundesländer Deutschlands - ohne Karte - Statistiken

Allgemein
  • Dieses Quiz wurde 203 mal gespielt
  • Das Durchschnittsergebnis liegt bei 14 aus 16
Antwortstatistiken
Bundesländer % Korrekt
Bayern
97%
Sachsen
97%
Berlin
94%
Baden-Württemberg
92%
Hamburg
92%
Nordrhein-Westfalen
90%
Saarland
90%
Sachsen-Anhalt
90%
Bremen
88%
Mecklenburg-Vorpommern
88%
Hessen
87%
Niedersachsen
87%
Brandenburg
85%
Thüringen
85%
Schleswig-Holstein
83%
Rheinland-Pfalz
77%
Keine übereinstimmenden Quizze gefunden
Verteilung der Resultate
Anzahl Personen mit jedem Resultat
Perzentil nach korrekt beantworteten Fragen
Ihre Resultats-Entwicklung
Sie haben dieses Quiz noch nicht gespielt